书目信息 |
| 题名: |
自动增益控制与对数放大器
|
|
| 作者: | 袁孝康 编 | |
| 分册: | ||
| 出版信息: | 北京 国防工业出版社 1987 |
|
| 页数: | 440页 | |
| 开本: | 19cm | |
| 丛书名: | ||
| 单 册: | ||
| 中图分类: | TN722.5 , TN850.3 | |
| 科图分类: | ||
| 主题词: | 自动增益控制 , 对数放大器 , 接收机 , 收音机 | |
| 电子资源: | ||
| ISBN: | ||
| 000 | 00759nam0 2200289 45 | |
| 001 | 0187006253 | |
| 005 | 20040906175151.4 | |
| 010 | @dCNY2.85 | |
| 091 | @a15034.3188 | |
| 100 | @a19900830d1987 em y0chiy0121 ea | |
| 101 | 0 | @achi |
| 102 | @aCN@b110000 | |
| 105 | @ay a 000yy | |
| 106 | @ar | |
| 200 | 10 | @a自动增益控制与对数放大器@Azi dong zeng yi kong zhi yu dui shu fang da qi@f袁孝康编 |
| 210 | @a北京@c国防工业出版社@d1987 | |
| 215 | @a440页@d19cm | |
| 606 | @a自动增益控制 | |
| 606 | @a对数放大器 | |
| 606 | 0 | @a接收机 |
| 606 | 0 | @a收音机 |
| 690 | @aTN722.5@v3 | |
| 690 | @aTN850.3 | |
| 701 | 0 | @a袁孝康@Ayuan xiao kang@4编 |
| 801 | 0 | @aCN@b深圳图书馆@c20040906 |
| 801 | 2 | @aCN@bNLC@c20040906 |
| 905 | @f1@b204951@dTN850.3@e38 | |
| 自动增益控制与对数放大器/袁孝康编.-北京:国防工业出版社,1987 |
| 440页;19cm |
| ISBN :CNY2.85 |
| ● |
| 相关链接 |
|
|
|
|
正题名:自动增益控制与对数放大器
索取号:TN850.3/38
 
预约/预借
| 序号 | 登录号 | 条形码 | 馆藏地/架位号 | 状态 | 备注 |
| 1 | 0204951 | 001947264 | 第三借阅区/ [索取号:TN850.3/38] | 在馆 | |
| 2 | 0204952 | 001321554 | 第二样本阅览室/ [索取号:TN850.3/38] | 在馆 |